000 00618nam a2200181Ia 4500
008 151202s9999||||xx |||||||||||||| ||und||
082 _bPNVM-29658
100 _aबोरकर लक्ष्मीदास.
245 _aस्मगलरच्या दुनियेत.
260 _b---
260 _c0
300 _a0
600 _aबोरकर लक्ष्मीदास.
630 _aस्मगलरच्या दुनियेत.
700 _aबोरकर लक्ष्मीदास.
730 _aस्मगलरच्या दुनियेत.
942 _cBOOK
999 _c1295622
_d1295619